000 01539nam a2200337 c 4500
001 991046733149708606
003 SpMaBN
005 20251030062524.0
008 230130s2022 sp | |||| 000 0 spa
015 _aMON22
017 _aB 20340-2022
_bOficina Depósito Legal Barcelona
020 _a9788419399564
035 _a(SpMaBN)a7218732
040 _aSpMaBN
_bspa
_cSpMaBN
_erda
041 1 _aspa
_heng
080 _a94(477)"2022/..."
082 _a355.02 Z49u 2023
100 1 _aZelenski, Volodímir
_d1978-
245 1 3 _aUn mensaje desde Ucrania :
_bdiscursos 2019-2022 /
_cVolodímir Zelenski ; traducción de Raquel Marqués García
264 1 _aBarcelona :
_bDebate,
_c2023
300 _a145 páginas
490 0 _aPolítica
504 _aIncluye índice.
505 _aLas palabras de un hombre. El mensaje de un pueblo Un mensaje desde Ucrania reúne los discursos más importantes de Volodímir Zelenski y una nueva introducción escrita para este libro, que cuenta la historia de un país a través de las palabras de su presidente. Este es el relato de una nación que se defiende con valentía de la agresión rusa. Y es, también, el de un pueblo que lidera al mundo en la lucha por la democracia. Sobre todo, es un grito de guerra para que alcemos la voz y luchemos por la libertad. Si no es ahora, ¿cuándo?
650 0 _aGuerra de Ucrania
_y2022 -
_9104
655 7 _aDiscursos políticos
700 1 _aMarqués García, Raquel
_etraductor
901 _a"ISBN"
942 _2ddc
_cBK
_z3
956 _a2
999 _c8465
_d8465